National Assembly Library of Thailand

หญ้าแพรก ดอกมะเขือ และเรือน้อย (ระเบียนเลขที่ 105614)

รายละเอียดในรูปแบบ MARC
000 -LEADER
fixed length control field 00644nam a22001577a 4500
008 - FIXED-LENGTH DATA ELEMENTS--GENERAL INFORMATION
fixed length control field 240813b th ||||| |||| 00| 0 tha d
020 ## - INTERNATIONAL STANDARD BOOK NUMBER
International Standard Book Number 9786165826587
040 ## - CATALOGING SOURCE
Original cataloging agency NALT
100 0# - MAIN ENTRY--PERSONAL NAME
Personal name ว. วินิจฉัยกุล
9 (RLIN) 8269
245 10 - TITLE STATEMENT
Title หญ้าแพรก ดอกมะเขือ และเรือน้อย
250 ## - EDITION STATEMENT
Edition statement พิมพ์ครั้งที่ 4
260 ## - PUBLICATION, DISTRIBUTION, ETC.
Place of publication, distribution, etc. กรุงเทพฯ :
Name of publisher, distributor, etc. กรีนไลฟ์ พริ้นติ้ง เฮาส์,
Date of publication, distribution, etc. 2564.
942 ## - ADDED ENTRY ELEMENTS (KOHA)
Koha item type Fiction
996 ## - STAFF PROCESSING RECORDS (NALT)
Staff name chunbijaya.r
Staff type CATSTF
Acquisition or Cataloging date 2024-08-13
998 ## - STAFF NAME (NALT)
-- 180
-- ชวนพิชญ์ รัตนาไพบูลย์
-- 180
-- ชวนพิชญ์ รัตนาไพบูลย์

ไม่มีตัวเล่มให้บริการ

หอสมุดรัฐสภา
สำนักงานเลขาธิการสภาผู้แทนราษฎร เลขที่ 1111 ถนนสามเสน แขวงถนนนครไชยศรี เขตดุสิต กรุงเทพฯ 10300
The Secretariat of the House of Representatives 1111 Samsen Road, Thanon Nakhon Chai Si, Dusit, Bangkok 10300, THAILAND
โทรศัพท์: +66(0) 2242 5900 ต่อ 5714-5 โทรสาร: +66(0) 2242 5990 อีเมล: [email protected]